| 000 | | | 03689nmc2a22002533x 450 |
| 001 | | | e6e088cf-9264-4e19-8a60-020800d8cce1 |
| 005 | | | 20250813204907.0 |
| 100 | ## | $a | 20250415l18331833k l0rusy0189 ca |
| 101 | 0# | $a | rus |
| | $a | fre |
| 102 | ## | $a | RU |
| 105 | ## | $a | y### |
| 122 | 2# | $a | d |
| 200 | 1# | $a | Дело об аудиенциях и представлениях |
| | $j | 6 октября - 23 декабря 1833 г. |
| 215 | ## | $a | 27 л. |
| | $d | 35х22 см |
| 251 | ## | $c | Дело |
| 300 | ## | $a | На обложке указано: "Экспедиция церемониальных дел Министерства иностранных дел; №3" |
| 300 | ## | $a | На русском и французском языках |
| 371 | ## | $a | Документ не является опубликованным и широко распространяемым |
| 461 | #0 | $1 | 0011beca410-31e9-4f28-916a-592ca9443f69 |
| | $1 | 2001 |
| | $a | Церемониальная часть Министерства императорского двора |
| | $1 | 251 |
| | $c | Фонд |
| | $1 | 852 |
| | $j | 473 |
| 462 | #0 | $1 | 001a54d7da2-27dc-4d4e-832c-8830aaafd738 |
| | $1 | 2001 |
| | $a | Церемониальная часть Министерства императорского двора |
| | $1 | 251 |
| | $c | Опись |
| | $1 | 852 |
| | $j | 3 |
| 801 | #0 | $a | RU |
| | $b | РГИА |
| | $c | 20250415 |
| | $g | RCR |
| 801 | #1 | $a | RU |
| | $b | ГлавНИВЦ |
| | $c | 20250415 |
| | $2 | rusmarc |
| 801 | #2 | $a | RU |
| | $b | ПБ им. Б.Н. Ельцина |
| | $c | 20250813 |
| | $g | RCR |
| | $2 | rusmarc |
| 850 | ## | $a | РГИА |
| 852 | ## | $a | РГИА |
| | $e | Федеральное казенное учреждение "Российский государственный исторический архив" (РГИА) |
| | $j | 79 |
| 937 | ## | $h | РГИА |
| | $d | 12423314 |
| | $a | ASBIBLIO_SCAN |
| 035 | ## | $a | RusGRCC00084726 |
| 856 | ## | $u | http://readingroom.main.prlib.ru/item.aspx?id_node=n197883525&mode=full |